00385 2200157 4500001002100000005001500021035002000036245004100056100001500097250001700112300003200129260003000161082000800191084001400199650001400213INLIS00000000000051220240811095722 a0010-08240000301 aMelawan demam berdarah /cSeno Subro0 aSeno Subro aCetakan ke-1 avi, 42 hlm :bIlus ;c21 cm aSolo :bCV. Deriko,c2007 a610 a610 SEN m 4aKesehatan